|
|
|
|
| LEADER |
00919pam a22002298a 4500 |
| 001 |
00016163 |
| 005 |
20171026081023.0 |
| 008 |
110406s2009 ||||||Viesd |
| 020 |
|
|
|c 295000
|
| 041 |
0 |
# |
|a Vie-Eng
|
| 082 |
1 |
4 |
|a 343.597
|b N114TR
|
| 100 |
0 |
# |
|a Quí Long
|e Sưu tầm và hệ thống hóa
|
| 245 |
0 |
0 |
|a 500 mẫu bức thư pháp lý thương mại kinh doanh và các văn bản hướng dẫn chỉ đạo chủ yếu
|b Song ngữ Anh - Việt
|c Quí Long, Kim Thư
|
| 260 |
# |
# |
|a TP HCM.
|b Lao động.
|c 2009.
|
| 300 |
# |
# |
|a 591 tr.
|c 28 cm.
|
| 650 |
# |
4 |
|a Thương mại
|
| 653 |
# |
# |
|a Luật và pháp chế
|a Việt Nam
|
| 700 |
0 |
# |
|a Kim Thư
|e Sưu tầm và hệ thống hóa
|
| 852 |
# |
# |
|b Kho đọc
|j KD.0001579
|
| 852 |
# |
# |
|j KD.0001579
|
| 910 |
|
|
|d 06/04/2011
|
| 980 |
# |
# |
|a Trung tâm Học liệu Lê Vũ Hùng, Trường Đại học Đồng Tháp
|